English Lyrics in Armageddon by aespa - Statistics

General Stats
  • This quiz has been taken 150 times
  • The average score is 162 of 243
Answer Stats
Answer % Correct
I
98%
A
96%
Armageddon
95%
(Armageddon)
95%
I’m
94%
Get
90%
Do
86%
Done
86%
It
86%
Back
81%
Bang
80%
(Shoot)
78%
Shoot
78%
Go
76%
See
76%
Watch
76%
Like
71%
Run
70%
Uh
70%
Chitty
69%
I’ma
69%
Throw
69%
‘Cause
67%
King
67%
Queen
67%
Truly
67%
Wanna
67%
Bite
66%
Gonna
66%
Better
65%
Born
65%
Way
65%
Yeah
65%
Got
64%
Up
61%
Hey
59%
Shot
58%
‘Em
55%
Feedback
55%
Full
55%
Gone
54%
Pull
53%
And
52%
Story
52%
Black
51%
Never
51%
Play
51%
You
49%
Nice
48%
We
47%
Wayo
46%
All
45%
It’s
45%
Three
45%
Code
42%
Ya
41%
Aw
40%
To
40%
Bad
39%
Ready
39%
Long
37%
Night
37%
Killin’
36%
Want
36%
(Drop)
33%
Myself
31%
Yes
30%
Warning
28%
Complete
25%
Soul
23%
Yah
18%
(Ooh)
17%
Pair
16%
No matching quizzes found
Score Distribution
Percent of People with Each Score
Percentile by Number Answered
Your Score History
You have not taken this quiz